Robbins basic pathology / (Record no. 124677)
[ view plain ]
| 000 -LEADER | |
|---|---|
| fixed length control field | 00665cam a22002414a 4500 |
| 001 - CONTROL NUMBER | |
| control field | 14387493 |
| 005 - DATE AND TIME OF LATEST TRANSACTION | |
| control field | 20211113125948.0 |
| 008 - FIXED-LENGTH DATA ELEMENTS--GENERAL INFORMATION | |
| fixed length control field | 060523s2007 paua b 001 0 eng |
| 020 ## - INTERNATIONAL STANDARD BOOK NUMBER | |
| International Standard Book Number | 1416029737 |
| 020 ## - INTERNATIONAL STANDARD BOOK NUMBER | |
| International Standard Book Number | 9781416029731 |
| 022 ## - INTERNATIONAL STANDARD SERIAL NUMBER | |
| International Standard Serial Number | 9788131249048 |
| 040 ## - CATALOGING SOURCE | |
| Transcribing agency | PK-LaUMT |
| 082 00 - DEWEY DECIMAL CLASSIFICATION NUMBER | |
| Classification number | 616.07 |
| Edition number | 22 |
| Item number | ROB- |
| 245 00 - TITLE STATEMENT | |
| Title | Robbins basic pathology / |
| Statement of responsibility, etc | [edited by] Vinay Kumar ... [et al.]. |
| 250 ## - EDITION STATEMENT | |
| Edition statement | first South Asia edition |
| 260 ## - PUBLICATION, DISTRIBUTION, ETC. (IMPRINT) | |
| Place of publication, distribution, etc | Haryana : |
| Name of publisher, distributor, etc | Elsevier, |
| Date of publication, distribution, etc | 2017 |
| 300 ## - PHYSICAL DESCRIPTION | |
| Extent | 935 p. : |
| Other physical details | ill. (chiefly col.) ; |
| Dimensions | 29 cm. |
| 650 #0 - SUBJECT ADDED ENTRY--TOPICAL TERM | |
| Topical term or geographic name as entry element | Pathology. |
| 650 12 - SUBJECT ADDED ENTRY--TOPICAL TERM | |
| Topical term or geographic name as entry element | Pathology. |
| 700 1# - ADDED ENTRY--PERSONAL NAME | |
| Personal name | Kumar, Vinay, |
| 700 1# - ADDED ENTRY--PERSONAL NAME | |
| Personal name | Robbins, Stanley L. |
| 942 ## - ADDED ENTRY ELEMENTS (KOHA) | |
| Koha item type | Books |
| Withdrawn status | Lost status | Damaged status | Home library | Current library | Date acquired | Full call number | Barcode | Date last seen | Price effective from | Koha item type |
|---|---|---|---|---|---|---|---|---|---|---|
| UMT Health Sciences Campus | UMT Health Sciences Campus | 2021-11-13 | 616.07 ROB- | 139316 | 2025-11-07 | 2021-11-13 | Books |
